La política
Shranjeno v:
| Glavni avtor: | |
|---|---|
| Format: | Knjiga |
| Jezik: | Undetermined |
| Izdano: |
Buenos Aires, Argentina
Espasa-Calpe
1958
|
| Izdaja: | 8 |
| Teme: | |
| Oznake: |
Označite
Brez oznak, prvi označite!
|
MARC
| LEADER | 00000nam a2200000Ia 4500 | ||
|---|---|---|---|
| 008 | 170316s9999 xx 000 0 und d | ||
| 090 | |a 100 A-36po | ||
| 100 | |a Aristóteles | ||
| 245 | |a La política | ||
| 250 | |a 8 | ||
| 260 | |a Buenos Aires, Argentina | ||
| 260 | |b Espasa-Calpe | ||
| 260 | |c 1958 | ||
| 300 | |a 251 páginas | ||
| 650 | |a FILOSOFÍA | ||
| 999 | |c 15575 |d 15575 | ||
| 040 | |a cru BVZT | ||
| 942 | |c 15 D |h 100 A-36po |2 z | ||
